<?xml version="1.0" encoding="UTF-8"?>
<record
    xmlns:xsi="http://www.w3.org/2001/XMLSchema-instance"
    xsi:schemaLocation="http://www.loc.gov/MARC21/slim http://www.loc.gov/standards/marcxml/schema/MARC21slim.xsd"
    xmlns="http://www.loc.gov/MARC21/slim">

  <leader>01660nam a2200205Ia 4500</leader>
  <controlfield tag="001">b7138-53234 </controlfield>
  <controlfield tag="003">IT-MiCISF</controlfield>
  <controlfield tag="008">161014s9999||||xx |||||||||||||| ||und||</controlfield>
  <datafield tag="040" ind1=" " ind2=" ">
    <subfield code="a">IT-MiCISF</subfield>
    <subfield code="c">IT-MiCISF</subfield>
  </datafield>
  <datafield tag="041" ind1=" " ind2=" ">
    <subfield code="a">it</subfield>
  </datafield>
  <datafield tag="100" ind1=" " ind2=" ">
    <subfield code="a">Juul Jesper</subfield>
  </datafield>
  <datafield tag="245" ind1=" " ind2="0">
    <subfield code="a">Sono grande abbastanza</subfield>
    <subfield code="b">Stare accanto a tuo figlio adolescente</subfield>
  </datafield>
  <datafield tag="250" ind1=" " ind2=" ">
    <subfield code="a">1a ed.</subfield>
  </datafield>
  <datafield tag="260" ind1=" " ind2=" ">
    <subfield code="a"> Milano</subfield>
    <subfield code="b">Urra</subfield>
    <subfield code="c">2011 [Edizione originale: 2010]</subfield>
  </datafield>
  <datafield tag="300" ind1=" " ind2=" ">
    <subfield code="a">pp. 153</subfield>
  </datafield>
  <datafield tag="500" ind1=" " ind2=" ">
    <subfield code="a"> / educazione-genitori, figli-adolescenti, educazione, case-studies / Anche quando i teenager trascorrono la maggior parte del tempo con i coetanei, anche quando si mostrano ribelli e a volte incomprensibili, genitori e famiglia possono ancora svolgere un ruolo di enorme importanza per loro. I primi anni dell'adolescenza infatti regalano ai ragazzi e ai rispettivi genitori la possibilit&#xE0; di trasformare la loro relazione in modo tale da rendere possibile ci&#xF2; che fino a quel momento non lo &#xE8; stato. Spetta ai genitori dirigere tale cambiamento, ma "dirigere" significa relazionarsi all'altro, essere disposti a comprendere il suo punto di vista, e non comando, controllo e pretesa d'obbedienza. Dopo alcuni consigli generali, l'A. prende spunto dallo scambio di corrispondenza con genitori o ragazzi che si sono rivolti a lui in cerca di aiuto, per trattare e suggerire possibili soluzioni a problematiche tipiche degli anni dell'adolescenza, tra le quali i problemi a scuola, la capacit&#xE0; di assumersi la responsabilit&#xE0; di se stessi e della comunit&#xE0;, il rapporto con l'alcol, punizioni e conseguenze, comunicazione e fiducia.</subfield>
  </datafield>
  <datafield tag="650" ind1=" " ind2=" ">
    <subfield code="a">educazione</subfield>
  </datafield>
  <datafield tag="942" ind1=" " ind2=" ">
    <subfield code="c">BK</subfield>
  </datafield>
  <datafield tag="957" ind1=" " ind2=" ">
    <subfield code="7">1</subfield>
  </datafield>
  <datafield tag="999" ind1=" " ind2=" ">
    <subfield code="a">53234</subfield>
    <subfield code="b">si</subfield>
    <subfield code="g">1</subfield>
    <subfield code="c">209835</subfield>
    <subfield code="d">209835</subfield>
  </datafield>
  <datafield tag="952" ind1=" " ind2=" ">
    <subfield code="0">0</subfield>
    <subfield code="1">0</subfield>
    <subfield code="4">0</subfield>
    <subfield code="6">B_713853234</subfield>
    <subfield code="7">1</subfield>
    <subfield code="a">CISF</subfield>
    <subfield code="b">CISF</subfield>
    <subfield code="d">2016-10-14</subfield>
    <subfield code="l">0</subfield>
    <subfield code="o">b7138-53234 </subfield>
    <subfield code="r">2016-10-14 00:00:00</subfield>
    <subfield code="w">2016-10-14</subfield>
    <subfield code="y">BK</subfield>
    <subfield code="z">Data import 15.10.2016 / by Epidotti, Vaglietti</subfield>
  </datafield>
</record>
